| Record ID | ia:avoidbecominginc0000hyns |
| Source | Internet Archive |
| Download MARC XML | https://archive.org/download/avoidbecominginc0000hyns/avoidbecominginc0000hyns_marc.xml |
| Download MARC binary | https://www.archive.org/download/avoidbecominginc0000hyns/avoidbecominginc0000hyns_meta.mrc |
LEADER: 01925cam 2200565 a 4500
001 ocn258048315
003 OCoLC
005 20220922001557.0
008 070504s2007 enkab j 001 0 eng
040 $aUKM$beng$cUKM$dOCLCQ$dOCLCO$dOCLCQ$dOCLCF$dUKMGB$dOCLCO
015 $aGBA735701$2bnb
016 7 $a013741640$2Uk
020 $a9781905638468$q(hbk.)
020 $a1905638469$q(hbk.)
035 $a(OCoLC)258048315
042 $aukblcatcopy
082 04 $a393.30985$222
100 1 $aHynson, Colin.
245 10 $aAvoid becoming an Incan mummy! /$cwritten by Colin Hynson ; illustrated by David Antram.
260 $aBrighton :$bBook House,$c2007.
300 $a32 pages :$bcolor illustrations, color map ;$c25 cm.
336 $atext$btxt$2rdacontent
337 $aunmediated$bn$2rdamedia
338 $avolume$bnc$2rdacarrier
490 1 $aThe danger zone
500 $aIncludes index.
650 0 $aIncas$xKings and rulers$xDeath and burial$vJuvenile literature.
650 0 $aIncas$xSocial life and customs$vJuvenile literature.
650 0 $aMummies$vJuvenile literature.
650 6 $aIncas$xMœurs et coutumes$vOuvrages pour la jeunesse.
650 6 $aMomies$vOuvrages pour la jeunesse.
650 7 $aIncas$xSocial life and customs.$2fast$0(OCoLC)fst00968489
650 7 $aMummies.$2fast$0(OCoLC)fst01029115
655 7 $aJuvenile works.$2fast$0(OCoLC)fst01411637
700 1 $aAntram, David,$d1958-
830 0 $aDanger zone.
029 1 $aAU@$b000043475863
029 1 $aUKBCI$b108629074
029 1 $aUKBNS$b108629074
029 1 $aUKBOR$b108629074
029 1 $aUKDON$b1905638469
029 1 $aUKMDD$b1905638469
029 1 $aUKPMH$b1905638477
029 1 $aUKSCO$b108629074
029 1 $aUKSGC$b108629074
029 1 $aUKSOM$b108629074
029 1 $aUNITY$b108629074
029 1 $aUKMGB$b013741640
994 $aZ0$bGTX
948 $hNO HOLDINGS IN GTX - 36 OTHER HOLDINGS